| 000 | 00751cam a2200205 4500 | ||
|---|---|---|---|
| 001 | WB3707-33 | ||
| 008 | 000000n2001 000 0 eng u | ||
| 035 | _a(Sirsi) u110923 | ||
| 245 | _a2001 Suckler Cow Premium Scheme | ||
| 260 | _c2001 | ||
| 490 |
_aMAFF Press Release _v(51/01) 13 February 2001, (2) |
||
| 520 | _aSuckler cow producers in England will be able to apply to the 2001 SCPS National Reserve. Consultation is taking place on a proposal to abolish the less favoured areas and lowland quotas ring-fence areas. | ||
| 590 | _aWB | ||
| 650 | _aSUCKLER COW PREMIUM SCHEME | ||
| 650 | _aSUCKLER COW PRODUCERS | ||
| 650 | _aFARMING SUBSIDIES | ||
| 650 | _aLIVESTOCK FARMING | ||
| 690 | _aRURAL-AGRICULTURE AND FORESTRY | ||
| 942 | _n0 | ||
| 999 |
_c66115 _d66115 |
||